[Event "Andalucia-ch U16"]
[Site "Islantilla"]
[Date "2012.04.14"]
[Round "7"]
[White "Castillo Rodriguez, Angel Luis"]
[Black "Jimenez Pena, Juan Carlos"]
[Result "1-0"]
[WhiteElo "1805"]
[BlackElo "1505"]
[PlyCount "57"]
[EventDate "2012.04.13"]
[EventType "swiss"]
[EventRounds "9"]
[EventCountry "ESP"]
[SourceTitle "CBM 148 Extra"]
[Source "ChessBase"]
[SourceDate "2012.06.22"]
[SourceVersion "1"]
[SourceVersionDate "2012.06.22"]
[SourceQuality "1"]

1. e4 c5 2. c4 Nc6 3. Nc3 e5 4. g3 g6 5. Bg2 Bg7 6. Nge2 Nge7 7. 0-0 d6 8. d3 0-0 9. Be3 f5 10. f4 Nd4 11. Rb1 a5 12. a3 Nec6 13. Nd5 Be6 14. Nxd4 Bxd5 15. Nxc6 Bxc6 16. Qd2 Qd7 17. fxe5 Bxe5 18. d4 cxd4 19. Bxd4 Rad8 20. Bb6 Rc8 21. Bxa5 Bxe4 22. Bxe4 fxe4 23. Qd5+ Kg7 24. Qxe4 Rxf1+ 25. Rxf1 Bxb2 26. Rb1 d5 27. Qxd5 Qxd5 28. cxd5 Rc2 29. Rxb2 1-0